MDQL
is popping MORE tags! Check the
thread
!
Quizzes
Events
Quiz Creation
Community
Videos
Private Events
Remove Ads
Sign In
Join for FREE
Feedback
Dark Mode
Quiz Categories
Sports
Geography
Music
Movies
Television
Just For Fun
Miscellaneous
History
Literature
Language
Science
Gaming
Entertainment
Religion
Holiday
For Kids
Quiz Lab
Recent
Popular Today
Quiz Kudos Today
Editor Picks
Curator Picks
Quizzes by...
Day
Popularity
Type
Ratings
Length
Year
Community
Subscriptions
Recent Discussions
Orange Saloon
Badges
Playlists
Quests
Create
Leaderboards
Showdown
Live 5
Trivia Bingo
Activity
Puzzle Library
Sporcle Events
Private Events
Virtual Trivia
Globe League
Become a Host
Pub Owners
SporcleCon
Opinionation
Our Games
Videos
Blog
Mobile Apps
Partnerships
Remove Ads and Go Orange
Feedback
Miscellaneous
Crossword
General Knowledge
Baby Names
Logo
Food
Cars
Numbers
Grab Bag
University
College
Popular
Company
Slogans
Restaurants
Justice
Letter
Miscellaneous
Crossword
General Knowledge
Baby Names
Logo
Food
Cars
Numbers
Grab Bag
University
College
Popular
Company
Slogans
Restaurants
Justice
Letter
Random Quiz
Search Sporcle
×
Quiz Lab
Quiz Lab
Miscellaneous
Board Games
Type in answers that appear in a list
Type in answers that appear in a list
Classic
Best Score? Go Orange.
The Blue Game Stats
Can you name the things with 'blue' in their name??
By
mogleyD
5m
20 Questions
218 Plays
218 Plays
218 Plays
Comments
Comments
Give Quiz Kudos
Give Quiz Kudos
-
- Ratings
hide this ad
Replay
Link that replays current quiz
Next Quiz
Link to next quiz in quiz playlist
You Got
0%
They Got
Avg Score
45%
Avg Friend Score
Upgrade to see
Score Distribution
Jump to the score distribution portion of the page
Score
0/20
Timer
05:00
0
Plays Today
Hint
Answer
% Correct
Genre of Music
The Blues
87.6%
Small Fruit
Blueberry
86.7%
Bird, or MLB Team
Blue Jay
80.7%
Enormous Mammal
Blue Whale
68.8%
Reward for Winning a Race
Blue Ribbon
64.7%
1980 Movie with John Belushi
The Blues Brothers
61.9%
TV Show about Police
NYPD Blue
53.7%
Airline
JetBlue
48.2%
Cheap American Beer
Pabst Blue Ribbon
44.5%
Trio of Abstract Musicians
Blue Man Group
40.8%
Hint
Answer
% Correct
ACC Team
Duke Blue Devils
39.4%
Popular Color for Clothing
Navy Blue
38.1%
Popular American Beer
Blue Moon
37.6%
NHL Team
St. Louis Blues
34.9%
Popular Gameboy Game
Pokemon Blue
28.9%
Canadian Beer
Labatt Blue
26.6%
Movie about Football
Varsity Blues
22%
Retired Soft Drink
Pepsi Blue
15.6%
New Name for Camel Light Cigarettes
Camel Blues
11.5%
Orange Flavored Liquer
Blue Curacao
10.6%
Quiz Playlist
Details
Report
Send in Message
Add To Playlist
Classic:
Type in answers that appear in a list
Last Updated: Feb 16, 2017
Quiz Scoreboard
CHALLENGE
Sign Up to Join the Scoreboard
Show All
Scores
Hide
Comments
May contain spoilers
Recently Published
1-10 Letter E Words III
by El_Dandy
Language
2m
Street Fighter Characters
by Artimus82
Gaming
60s
College Basketball Coaching Resumes
by pancakes188
Sports
9m
More to Explore
Quiz From the Vault
Featured Blog Post
Where Did the Easter Bunny Come From?
hide this ad
You Might Also Like...
Tags
Board Games Quiz
blue
Today's Top Quizzes in Miscellaneous
Browse Miscellaneous
hide this ad
Today's Top Quizzes in Board Games
Browse Board Games
Top Contributed Quizzes in Miscellaneous
1
5-to-1: Fast Food
2
The JOE quick-fire general knowledge quiz: Day 174
3
The JOE quick-fire general knowledge quiz: Day 173
4
5-to-1: Cocktails
5
The JOE quick-fire general knowledge quiz: Day 172
6
9x9 Crossword: Disney Movie Titles
7
9x9 Crossword: Charlie and the Chocolate Factory
8
Sunday Crossword: Famous Bodies of Water
9
The JOE quick-fire general knowledge quiz: Day 171
10
9x9 Crossword: Flags
Explore More
Trending Topics
Marvel
Anime
Harry Potter
Disney
Crossword
Kpop
NBA
WWE
Song
Soccer
Pokémon
The Office
Country
Puzzle
NFL
hide this ad
More By:
mogleyD
Quiz
Plays
Rating
Category
Featured
Created
Strains of Medical Marijuana
1,215
3.50
Miscellaneous
Mar 22, 2010
Everything Marijuana Terms
907
2.40
Language
Jun 20, 2010
Guess the Lyrics
492
2.22
Music
Jun 7, 2010
The Blue Game
218
2.67
Miscellaneous
Mar 28, 2010
Go to Creator's Profile
Score Distribution
Quiz Creator Spotlight
mogleyD
Follow
Send a Message
Quizzes Created
-
Created Quiz Play Count
-
More By This Creator
Popular Quizzes Today
1
Find the US States - No Outlines Minefield
2
Find the Countries of Europe - No Outlines Minefield
3
The Countries of the World
4
Find the US States
5
Risky Map Clicking: Biggest States A-Z
6
US States
7
Popular People in 1961
8
Movies - When Are They Set?
More Miscellaneous Quizzes
Miscellaneous Trios II
Published
Trending Quizzes
Risky Map Clicking: Least Populous States A-Z
Billboard Blitz: Aretha Franklin
Famous Russians: Author or Composer?
1-10 Letter G Words
Countries of the World: 200 Million BC
Recently Updated
Leaping Animals
pecheneg
Reality TV Shows (A-Z)
bhenderson79
Rickey Henderson's Hall of Fame Teammates
pecheneg
Champions League XIs: Arsenal
pecheneg
Quick Pick: Celebrities in WWE's Hall of Fame
aduchscher
A-Z Keypad Blitz II
pecheneg
Multiple Oscar Actors
pecheneg
Mystery Phrase Blitz: Oscar 'Best Actors'
pecheneg
F. Scott Fitzgerald Novels
LTH
Pick 3 Villains
ddd62291
Trending Topics
Crossword
NBA
Anime
Marvel
Disney
Kpop
Harry Potter
Pokémon
Soccer
Country
Song
Puzzle
The Office
WWE
NFL
Your Account Isn't Verified!
In order to create a playlist on Sporcle, you need to verify the email address you used during registration. Go to your
Sporcle Settings
to finish the process.
Report this User
Report this user for behavior that violates our
Community Guidelines
.
Details:
Send Report
Go to the Sporcle.com Mobile Site →
Comments